00386 a2200109 450000500170000002000180001708200170003511100670005224500870011926000330020630000370023920250618053342.0 a9789976780802 a650.0151 NBA aThe National Board of Accountants and Auditors Tanzania (NBAA) aT02 Elements of Business Mathematics and Statistics: Accounting Technician Level I aDar Es Salaam,bNBAA,c2014. a406p.; ill.; figure, tablec29cm